000 00453nam a2200193Ia 4500
005 20240823035640.0
008 240823s9999||||xx |||||||||||||| ||und||
020 _a0-553-56907-4
041 _aENGLISH
082 _A814.54 N4
100 _aMaya Angelon
245 0 _aWouldnt take Nothing for My Journet Now
250 _a1st
260 _c1994
_b"Bantam Books,L"
500 _aYES
650 _aNovel
_bEnglish
942 _cBK
999 _c201189
_d201189